01454nam a22001937a 450000500170000001000280001702000260004503500130007103500170008403700170010103700130011808200060013110000200013724500400015726000300019727000460022730000210027352009660029420160722142751.0 a1516EN07 ENG-114960 c299.00a9780099595076 aEN-98492 aB-615115-134 bKKP/venaDPL bDBAD/PUB aN aMacomber,Debbie aLast one home /cby Debbie Macomber aLondonbArrow Booksc2015 bLondona20 Vauxhall Bridge RoadeSW1V 2SA a375p.c21cm(pbk) a"The Palmer sisters couldn't be more different. Karen, the eldest, is the responsible one the one who got the grades, married the perfect guy, and has two wonderful, high-achieving children. Cassie is the rebellious one, who got pregnant right after high school and married the wrong man, despite her family's misgivings. And Nicole is a free, creative spirit, who's always been indulged and pampered as the baby of the family who could do no wrong. These differences were enough to drive the three sisters apart over the years, but their mother's unexpected death makes them realize that she would have wanted them to repair old wounds and let bygones be bygones. What they discover is that none of their lives are as perfect as they seem, and despite their differences, they're the only family each other can depend on. A heartwarming illustration of all the ups and downs of life, and the sometimes fraught, but always enduring, relationship between sisters.